00301 a2200133 450000100060000002000150000604000220002110000330004324000200007624500150009630000080011136200090011965000390012861205 a851002099X cAnchieta - Pituba aSchwenck, Terezinha do Carmo10aCiênciaslpor10aCiências a1920 a1997 4aCiências naturais e matemática